[Event "25th Abu Dhabi Master 2018"]
[Site "Abu Dhabi"]
[Date "2018.08.09"]
[Round "3"]
[White "Aryan, Chopra"]
[Black "Raahul, VS."]
[Result "1-0"]
[WhiteElo "2536"]
[BlackElo "2277"]
[Annotator "TA"]
[PlyCount "43"]
[EventDate "2018.08.05"]
[EventType "swiss"]
[EventCountry "UAE"]
[SourceTitle "playchess.com"]
[Source "ChessBase"]
[SourceQuality "1"]

1. e4 e5 2. Nf3 Nc6 3. d4 exd4 4. Nxd4 Nf6 5. Nxc6 bxc6 6. e5 Qe7 7. Qe2 Nd5 8. c4 Nb6 9. Nc3 Qe6 10. Qe4 g6 11. Bd2 Ba6 12. c5 Bxf1 13. cxb6 Bc4 14. bxc7 Bg7 15. O-O-O O-O 16. Bf4 Bxa2 17. Rd6 Bd5 18. Nxd5 cxd5 19. Rxe6 dxe4 20. Re7 f6 21. Rd1 fxe5 22. Bg5 1-0

[Event "25th Abu Dhabi Master 2018"]
[Site "Abu Dhabi"]
[Date "2018.08.09"]
[Round "3"]
[White "Lalith, Babu MR"]
[Black "Sjugirov, Sanan"]
[Result "1/2-1/2"]
[WhiteElo "2520"]
[BlackElo "2677"]
[Annotator "TA"]
[PlyCount "160"]
[EventDate "2018.08.05"]
[EventType "swiss"]
[EventCountry "UAE"]
[SourceTitle "playchess.com"]
[Source "ChessBase"]
[SourceQuality "1"]

1. d4 Nf6 2. Bg5 c5 3. d5 Ne4 4. Bf4 Qb6 5. Bc1 e6 6. f3 Qa5+ 7. c3 Nf6 8. e4 d6 9. Bg5 Be7 10. dxe6 Bxe6 11. Na3 O-O 12. Bc4 Nc6 13. Bxf6 Bxf6 14. Ne2 Nd4 15. Qd2 Bxc4 16. Nxc4 Qa6 17. cxd4 Qxc4 18. d5 a5 19. b3 Qb4 20. Rc1 Bh4+ 21. Kd1 f5 22. Rc4 Qxd2+ 23. Kxd2 b5 24. Rc2 fxe4 25. fxe4 Rf2 26. Rg1 a4 27. Ke3 axb3 28. axb3 Rf7 29. Nc3 Bf6 30. Rb1 Rb7 31. Kd3 c4+ 32. Kd2 b4 33. Nd1 cxb3 34. Rxb3 Ra3 35. Rc8+ Kf7 36. Rxa3 bxa3 37. Ra8 Rb3 38. Kc2 Rb4 39. Rxa3 Rxe4 40. Kd2 Re5 41. Ra5 Kg6 42. Kd3 Rh5 43. h3 Rh4 44. Ne3 Rd4+ 45. Ke2 Bg5 46. Ra6 Bf4 47. Kf3 Be5 48. Rc6 Kg5 49. Rc4 Rd3 50. Ke2 Ra3 51. Rg4+ Kf6 52. Rc4 h5 53. Rc6 Ra2+ 54. Kf3 Rd2 55. Rc2 Rd3 56. Ke2 Rb3 57. Rc6 Bf4 58. Nc4 Rc3 59. Rc8 Rg3 60. Rc6 g5 61. Kf2 Rc3 62. Rc8 Rd3 63. Rf8+ Ke7 64. Rf5 h4 65. Na5 Kd7 66. Nc6 Kc7 67. Ke2 Re3+ 68. Kf2 Rd3 69. Ke2 Rd2+ 70. Kf3 Kb6 71. Nd8 Rd3+ 72. Kf2 Rd2+ 73. Kf3 Rd3+ 74. Kf2 Rg3 75. Ne6 Be3+ 76. Ke2 Bc1 77. Kd1 Bf4 78. Nxf4 gxf4 79. Rxf4 Rxg2 80. Rxh4 Kc5 1/2-1/2

[Event "25th Abu Dhabi Master 2018"]
[Site "Abu Dhabi"]
[Date "2018.08.09"]
[Round "3"]
[White "Erigaisi, Arjun"]
[Black "Kravtsiv, Martyn"]
[Result "0-1"]
[WhiteElo "2517"]
[BlackElo "2654"]
[Annotator "TA"]
[PlyCount "125"]
[EventDate "2018.08.05"]
[EventType "swiss"]
[EventCountry "UAE"]
[SourceTitle "playchess.com"]
[Source "ChessBase"]
[SourceQuality "1"]

1. Nf3 Nf6 2. g3 d5 3. Bg2 e6 4. O-O Be7 5. d4 O-O 6. c4 dxc4 7. Qc2 b6 8. Ne5 Qxd4 9. Bxa8 Qxe5 10. Bf3 Nd5 11. Qxc4 Ba6 12. Qa4 c5 13. Rd1 Bf6 14. Na3 Bxe2 15. Bxe2 Qxe2 16. Qc2 Qh5 17. Bd2 Nc6 18. Bc3 Bxc3 19. bxc3 Ne5 20. c4 Nf6 21. f4 Nf3+ 22. Kg2 Nxh2 23. Qd3 e5 24. Rh1 e4 25. Qd1 Qf3+ 26. Qxf3 Nxf3 27. Rad1 Nd4 28. Rhe1 h5 29. Nb5 Rd8 30. Nc3 Re8 31. Nb5 Nc6 32. Nc7 Re7 33. Nd5 Nxd5 34. Rxd5 g6 35. f5 Nb4 36. f6 Nxd5 37. fxe7 Nxe7 38. Rxe4 Kf8 39. Re3 Nc6 40. Kf3 Na5 41. Re4 Nb7 42. Re3 Nd6 43. Ra3 a5 44. Rc3 Ke7 45. Ke2 f5 46. a4 g5 47. Re3+ Kf6 48. Kd3 Ne4 49. Ke2 Ke5 50. Rd3 Nd6 51. Re3+ Kf6 52. Kd3 g4 53. Ke2 Nxc4 54. Re8 Nb2 55. Rh8 Nxa4 56. Rxh5 Nc3+ 57. Ke3 b5 58. Rh8 a4 59. Rc8 a3 60. Rxc5 a2 61. Rc6+ Kg5 62. Ra6 Na4 63. Kd4 0-1

[Event "25th Abu Dhabi Master 2018"]
[Site "Abu Dhabi"]
[Date "2018.08.09"]
[Round "3"]
[White "Vishnu, Prasanna V"]
[Black "Short, Nigel D"]
[Result "1/2-1/2"]
[WhiteElo "2517"]
[BlackElo "2659"]
[Annotator "TA"]
[PlyCount "70"]
[EventDate "2018.08.05"]
[EventType "swiss"]
[EventCountry "UAE"]
[SourceTitle "playchess.com"]
[Source "ChessBase"]
[SourceQuality "1"]

1. e4 e6 2. d4 d5 3. Nc3 Nf6 4. e5 Nfd7 5. Nce2 c5 6. c3 Nc6 7. Nf3 cxd4 8. cxd4 f6 9. Nf4 Bb4+ 10. Bd2 Qe7 11. Bxb4 Qxb4+ 12. Qd2 Ke7 13. exf6+ gxf6 14. O-O-O Qxd2+ 15. Rxd2 Nb6 16. Bb5 Bd7 17. Re1 Rac8 18. Kb1 a6 19. Bxc6 Rxc6 20. Rde2 Rg8 21. h3 Kf7 22. Nd2 Nc8 23. g4 Ne7 24. Re3 a5 25. Nb3 b6 26. Nc1 Rd6 27. Nce2 Nc6 28. Nd3 Bc8 29. Rf3 Ke7 30. Ndf4 Ba6 31. Nc3 Kf7 32. Rd1 Ke7 33. Re3 Kf7 34. Rf3 Ke7 35. Re3 Kf7 1/2-1/2

[Event "25th Abu Dhabi Master 2018"]
[Site "Abu Dhabi"]
[Date "2018.08.09"]
[Round "3"]
[White "Kuybokarov, Temur"]
[Black "Maghsoodloo, Parham"]
[Result "1/2-1/2"]
[WhiteElo "2499"]
[BlackElo "2636"]
[Annotator "TA"]
[PlyCount "46"]
[EventDate "2018.08.05"]
[EventType "swiss"]
[EventCountry "UAE"]
[SourceTitle "playchess.com"]
[Source "ChessBase"]
[SourceQuality "1"]

1. d4 f5 2. g3 Nf6 3. Bg2 e6 4. c4 c6 5. Nh3 d5 6. O-O Bd6 7. Bf4 Be7 8. Qc2 O-O 9. Nd2 h6 10. Bxb8 Rxb8 11. Nf4 Qe8 12. Nd3 b6 13. b4 Ne4 14. Nf3 Ba6 15. Nfe5 Bf6 16. c5 Bxd3 17. exd3 Ng5 18. f4 Nf7 19. Qa4 Nxe5 20. dxe5 Be7 21. d4 a5 22. a3 b5 23. Qc2 a4 1/2-1/2

[Event "25th Abu Dhabi Master 2018"]
[Site "Abu Dhabi"]
[Date "2018.08.09"]
[Round "3"]
[White "Sindarov, Javokhir"]
[Black "Eric, Jovana"]
[Result "1-0"]
[WhiteElo "2488"]
[BlackElo "2307"]
[Annotator "TA"]
[PlyCount "75"]
[EventDate "2018.08.05"]
[EventType "swiss"]
[EventCountry "UAE"]
[SourceTitle "playchess.com"]
[Source "ChessBase"]
[SourceQuality "1"]

1. e4 d6 2. d4 Nf6 3. Nc3 g6 4. f4 Bg7 5. Nf3 c5 6. dxc5 Qa5 7. Bd3 Qxc5 8. Qe2 Nc6 9. Be3 Qa5 10. O-O Bg4 11. Kh1 O-O 12. Qe1 Nd7 13. Rb1 Qh5 14. Ne2 Nc5 15. f5 Nxd3 16. cxd3 Be5 17. h3 g5 18. d4 Bxf3 19. Rxf3 Bf6 20. Qd2 Kh8 21. g4 Qh6 22. Kg2 Qg7 23. Rd1 Rfc8 24. Ng3 h6 25. Nh5 Qg8 26. Rh1 Qd8 27. h4 Qa5 28. Qxa5 Nxa5 29. Nxf6 exf6 30. hxg5 Rc2+ 31. Kg1 fxg5 32. Rxh6+ Kg7 33. Bxg5 Rg8 34. Rxd6 f6 35. Bxf6+ Kf7 36. g5 Rc1+ 37. Rf1 Rgc8 38. g6+ 1-0

[Event "25th Abu Dhabi Master 2018"]
[Site "Abu Dhabi"]
[Date "2018.08.09"]
[Round "3"]
[White "Kunte, Abhijit"]
[Black "Hamidi, Amir Mohammad"]
[Result "1-0"]
[WhiteElo "2485"]
[BlackElo "2299"]
[Annotator "TA"]
[PlyCount "36"]
[EventDate "2018.08.05"]
[EventType "swiss"]
[EventCountry "UAE"]
[SourceTitle "playchess.com"]
[Source "ChessBase"]
[SourceQuality "1"]

1. Nf3 Nf6 2. g3 d5 3. Bg2 e6 4. O-O Be7 5. c4 O-O 6. d4 c6 7. Nc3 b6 8. Nd2 Nbd7 9. e4 dxe4 10. Ndxe4 Bb7 11. Qc2 Qc8 12. Rd1 c5 13. d5 exd5 14. cxd5 Re8 15. Bf4 Nxe4 16. Nxe4 Nf6 17. d6 Bxe4 18. Bxe4 Bxd6 1-0

[Event "25th Abu Dhabi Master 2018"]
[Site "Abu Dhabi"]
[Date "2018.08.09"]
[Round "3"]
[White "Vignesh, NR."]
[Black "Shailesh, Dravid"]
[Result "1-0"]
[WhiteElo "2464"]
[BlackElo "2290"]
[Annotator "TA"]
[PlyCount "63"]
[EventDate "2018.08.05"]
[EventType "swiss"]
[EventCountry "UAE"]
[SourceTitle "playchess.com"]
[Source "ChessBase"]
[SourceQuality "1"]

1. d4 Nf6 2. c4 g6 3. g3 Bg7 4. Bg2 O-O 5. Nf3 d6 6. Nc3 Nc6 7. O-O Bf5 8. Ne1 Qd7 9. e4 Bh3 10. f3 e5 11. d5 Nd4 12. Be3 Bxg2 13. Kxg2 Rae8 14. Bxd4 exd4 15. Nb5 c5 16. dxc6 bxc6 17. Nxd4 Nh5 18. Qd2 f5 19. exf5 gxf5 20. Rf2 Rf6 21. Nec2 Rg6 22. Rd1 Bh6 23. Qa5 c5 24. Qb5 Qf7 25. Nxf5 Bf4 26. Qc6 Bxg3 27. hxg3 Nxg3 28. Nxg3 Re5 29. Ne3 Rxe3 30. Rxd6 Rxg3+ 31. Kxg3 Qg7+ 32. Kh3 1-0

[Event "25th Abu Dhabi Master 2018"]
[Site "Abu Dhabi"]
[Date "2018.08.09"]
[Round "3"]
[White "Nguyen, Anh Khoi"]
[Black "Patil, Pratik"]
[Result "1-0"]
[WhiteElo "2454"]
[BlackElo "1911"]
[Annotator "ChessBase"]
[PlyCount "65"]
[EventDate "2018.08.05"]
[EventType "swiss"]
[EventCountry "UAE"]
[SourceTitle "playchess.com"]
[Source "ChessBase"]
[SourceQuality "1"]

1. d4 Nf6 2. c4 e6 3. g3 Bb4+ 4. Bd2 Be7 5. Bg2 d5 6. Nf3 O-O 7. O-O Nbd7 8. Qc2 c6 9. Rd1 b6 10. b3 Bb7 11. Nc3 Ba6 12. Bf4 Nh5 13. Bc1 f5 14. a4 Rc8 15. e3 dxc4 16. Qe2 c5 17. bxc4 Nhf6 18. Nb5 Ne4 19. Bb2 Bxb5 20. axb5 Qc7 21. Ne5 Nb8 22. d5 exd5 23. cxd5 Bf6 24. Nc6 Nxc6 25. dxc6 Rcd8 26. Bxe4 Bxb2 27. Bd5+ Rxd5 28. Qxb2 Rxd1+ 29. Rxd1 Rf7 30. Qa2 Kf8 31. Qd5 g6 32. Qd8+ Qxd8 33. Rxd8+ 1-0

[Event "25th Abu Dhabi Master 2018"]
[Site "Abu Dhabi"]
[Date "2018.08.09"]
[Round "3"]
[White "Halvax, Georg"]
[Black "Mohota, Nisha"]
[Result "1-0"]
[WhiteElo "2437"]
[BlackElo "2268"]
[Annotator "NA"]
[PlyCount "67"]
[EventDate "2018.08.05"]
[EventType "swiss"]
[EventCountry "UAE"]
[SourceTitle "playchess.com"]
[Source "ChessBase"]
[SourceQuality "1"]

1. e4 c6 2. d4 d5 3. Nc3 dxe4 4. Nxe4 Nd7 5. Nf3 Ngf6 6. Ng3 e6 7. c3 c5 8. dxc5 Bxc5 9. Bd3 O-O 10. Qc2 Be7 11. Be3 Nc5 12. Bxc5 Bxc5 13. O-O-O Qc7 14. Kb1 Bd7 15. Rhe1 h6 16. Ne5 Rad8 17. f4 Nd5 18. Nh5 f5 19. Bc4 Be8 20. Bxd5 exd5 21. Ng3 g6 22. Ne2 Rf6 23. Nd4 Ra6 24. g4 fxg4 25. f5 Ba4 26. b3 Bxd4 27. Rxd4 Re8 28. Rxd5 Bc6 29. f6 Qf7 30. Rd6 Bf3 31. Qd2 Rxd6 32. Qxd6 Qd5 33. Qc7 Be4+ 34. Ka1 1-0

[Event "25th Abu Dhabi Master 2018"]
[Site "Abu Dhabi"]
[Date "2018.08.09"]
[Round "3"]
[White "Sundararajan, Kidambi"]
[Black "Aaryan, Varshney"]
[Result "1-0"]
[WhiteElo "2433"]
[BlackElo "2261"]
[Annotator "NA"]
[PlyCount "117"]
[EventDate "2018.08.05"]
[EventType "swiss"]
[EventCountry "UAE"]
[SourceTitle "playchess.com"]
[Source "ChessBase"]
[SourceQuality "1"]

1. c4 c5 2. Nc3 Nc6 3. e3 e6 4. d4 d5 5. Nf3 Nf6 6. cxd5 exd5 7. Bb5 cxd4 8. Nxd4 Bd7 9. O-O Bd6 10. Be2 a6 11. Bf3 Be6 12. Nxc6 bxc6 13. b3 O-O 14. Bb2 Be5 15. Qc2 Qc7 16. g3 Rac8 17. Rac1 c5 18. Na4 Bxb2 19. Qxb2 Qa7 20. Rfd1 Rc7 21. Qe5 Rfc8 22. Nc3 d4 23. Na4 Nd7 24. Qf4 dxe3 25. Qxe3 c4 26. Qxa7 Rxa7 27. Bd5 Rac7 28. Bxe6 fxe6 29. Rxd7 Rxd7 30. Nb6 Rcd8 31. Nxd7 Rxd7 32. Rxc4 Kf7 33. Kg2 Kf6 34. Kf3 Rd6 35. Rf4+ Ke7 36. Ke3 Rd5 37. Rd4 Ra5 38. a4 Rc5 39. Rc4 Rxc4 40. bxc4 Kd6 41. Kd4 e5+ 42. Kc3 a5 43. f4 g6 44. fxe5+ Kxe5 45. Kd3 h6 46. Ke3 h5 47. h4 Kf5 48. Kd4 Kg4 49. c5 Kxg3 50. c6 Kxh4 51. c7 g5 52. c8=Q g4 53. Ke3 Kg3 54. Qc7+ Kg2 55. Qc2+ Kh3 56. Kf2 Kh2 57. Qc7+ Kh1 58. Qc6+ Kh2 59. Qg2# 1-0

[Event "25th Abu Dhabi Master 2018"]
[Site "Abu Dhabi"]
[Date "2018.08.09"]
[Round "3"]
[White "Mammadzada, Gunay Vuqar Qizi"]
[Black "Vocaturo, Daniele"]
[Result "0-1"]
[WhiteElo "2426"]
[BlackElo "2617"]
[Annotator "TA"]
[PlyCount "76"]
[EventDate "2018.08.05"]
[EventType "swiss"]
[EventCountry "UAE"]
[SourceTitle "playchess.com"]
[Source "ChessBase"]
[SourceQuality "1"]

1. e4 e5 2. Nf3 Nc6 3. Bb5 a6 4. Ba4 Nf6 5. O-O b5 6. Bb3 Bb7 7. Re1 Bc5 8. c3 d6 9. d4 Bb6 10. a4 O-O 11. Bg5 h6 12. Bh4 exd4 13. cxd4 g5 14. Bg3 Re8 15. Nc3 Na5 16. Ba2 b4 17. Nd5 Nxd5 18. Bxd5 Bxd5 19. exd5 Qf6 20. Re3 g4 21. Nh4 Qxd4 22. Rd3 Qe4 23. h3 f5 24. b3 Kh7 25. Qd2 Re7 26. Kh1 Rae8 27. hxg4 fxg4 28. Rd1 Rf7 29. Kh2 Bc5 30. Qb2 Qe7 31. Qc2 Kg7 32. Rd4 Qg5 33. f4 gxf3 34. Nxf3 Qg6 35. Qb2 Bxd4 36. Qxd4+ Kh7 37. Qxb4 Re4 38. Rd4 Rg7 0-1

[Event "25th Abu Dhabi Master 2018"]
[Site "Abu Dhabi"]
[Date "2018.08.09"]
[Round "3"]
[White "G, Akash"]
[Black "Alinasab, Mobina"]
[Result "0-1"]
[WhiteElo "2410"]
[BlackElo "2259"]
[Annotator "TA"]
[PlyCount "113"]
[EventDate "2018.08.05"]
[EventType "swiss"]
[EventCountry "UAE"]
[SourceTitle "playchess.com"]
[Source "ChessBase"]
[SourceQuality "1"]

1. e4 e6 2. d4 d5 3. Nc3 Nf6 4. e5 Nfd7 5. f4 c5 6. Nf3 Nc6 7. Be3 cxd4 8. Nxd4 Bc5 9. Qd2 Nxd4 10. Bxd4 a6 11. O-O-O O-O 12. Qe3 Qc7 13. Bd3 Bxd4 14. Qxd4 b5 15. Rhe1 Qc5 16. Ne2 b4 17. g4 Re8 18. f5 exf5 19. e6 fxe6 20. gxf5 exf5 21. Bxf5 Qxd4 22. Nxd4 Ne5 23. Re3 Bxf5 24. Nxf5 Ng6 25. Rxd5 Rxe3 26. Nxe3 Rf8 27. Nf5 Nf4 28. Ra5 Rd8 29. c3 Nd3+ 30. Kc2 Ne1+ 31. Kb3 bxc3 32. bxc3 Rb8+ 33. Kc4 g6 34. Nd4 Rb6 35. Rg5 Rb2 36. Re5 Nc2 37. Re2 Na3+ 38. Kd5 Rb7 39. Re6 Nb1 40. c4 Nc3+ 41. Ke5 Nxa2 42. c5 Nb4 43. Rb6 Nd3+ 44. Kd5 Nxc5 45. Rc6 Nd3 46. Ke4 Nb4 47. Rd6 a5 48. Ne6 a4 49. Ke5 Rb5+ 50. Ke4 a3 51. Nd4 a2 52. Rd8+ Kg7 53. Ra8 Rb7 54. Ke5 Rd7 55. Ne6+ Kh6 56. Nd4 Rxd4 57. Kxd4 0-1

[Event "25th Abu Dhabi Master 2018"]
[Site "Abu Dhabi"]
[Date "2018.08.09"]
[Round "3"]
[White "Raghunandan, Kaumandur Srihari"]
[Black "Rayes, Abdul Kader"]
[Result "1/2-1/2"]
[WhiteElo "2404"]
[BlackElo "2242"]
[Annotator "NA"]
[PlyCount "115"]
[EventDate "2018.08.05"]
[EventType "swiss"]
[EventCountry "UAE"]
[SourceTitle "playchess.com"]
[Source "ChessBase"]
[SourceQuality "1"]

1. d4 Nf6 2. c4 c5 3. d5 e6 4. Nf3 exd5 5. cxd5 d6 6. Nc3 g6 7. Bf4 a6 8. a4 Bg7 9. h3 O-O 10. e3 Ne8 11. Be2 Nd7 12. O-O Qe7 13. Re1 Rb8 14. Nd2 Ne5 15. Bh2 f5 16. Ra3 Nc7 17. Rb3 b6 18. f4 Nf7 19. e4 Bd4+ 20. Kh1 fxe4 21. Ndxe4 Re8 22. Bf3 Bd7 23. g4 b5 24. axb5 Nxb5 25. Bg3 Qd8 26. Ne2 Bg7 27. Bf2 Qa5 28. Qa1 Qxa1 29. Rxa1 Nc7 30. Rxb8 Rxb8 31. Bh4 Rxb2 32. Nf6+ Bxf6 33. Bxf6 Rb3 34. Kg2 Ne8 35. Be7 Re3 36. Bh4 Bb5 37. Kf2 Rb3 38. Re1 h6 39. Be7 g5 40. h4 gxf4 41. Nxf4 Ne5 42. Rxe5 dxe5 43. Ne6 Bc4 44. Nxc5 Rxf3+ 45. Kxf3 Bxd5+ 46. Ke3 Kf7 47. Bd8 a5 48. Bxa5 Nf6 49. g5 hxg5 50. hxg5 Ng4+ 51. Kd3 Kg6 52. Bd2 Kf5 53. Nd7 Bc6 54. Nf6 Bb5+ 55. Kc2 Nxf6 56. gxf6 Kxf6 57. Bc3 Kf5 58. Kd2 1/2-1/2

[Event "25th Abu Dhabi Master 2018"]
[Site "Abu Dhabi"]
[Date "2018.08.09"]
[Round "3"]
[White "Muthaiah, Al"]
[Black "Adly, Ahmed"]
[Result "0-1"]
[WhiteElo "2391"]
[BlackElo "2634"]
[Annotator "TA"]
[PlyCount "136"]
[EventDate "2018.08.05"]
[EventType "swiss"]
[EventCountry "UAE"]
[SourceTitle "playchess.com"]
[Source "ChessBase"]
[SourceQuality "1"]

1. Nf3 Nf6 2. c4 g6 3. b3 Bg7 4. Bb2 O-O 5. g3 c6 6. Bg2 d5 7. O-O a5 8. cxd5 cxd5 9. Nc3 Nc6 10. d4 Ne4 11. Nxe4 dxe4 12. Ne5 f5 13. Nxc6 bxc6 14. Rc1 a4 15. Rxc6 Bb7 16. Rc5 Qb6 17. e3 Ba6 18. Re1 Rfd8 19. Qc2 Bd3 20. Qc3 axb3 21. axb3 Rab8 22. Bf1 Qxb3 23. Bxd3 exd3 24. Qxb3+ Rxb3 25. Bc3 e5 26. Ba5 Ra8 27. dxe5 Bf8 28. Rd5 Kf7 29. Bd2 Ke6 30. Rd4 Ra2 31. Rd1 Bc5 32. Rd8 Kxe5 33. Kg2 g5 34. h3 Bb6 35. Rb8 Kd6 36. Bc3 Rxc3 37. Rxb6+ Kc5 38. Rf6 Kc4 39. Rxf5 Kb3 40. Rxg5 Kc2 41. Rf1 d2 42. Rd5 Rca3 43. Rc5+ Kd3 44. Kf3 Ra1 45. Rd5+ Kc3 46. Rc5+ Kb4 47. Rd5 Rxf1 48. Rxd2 Kc5 49. Kg2 Rfa1 50. g4 R1a2 51. Rd7 Ra7 52. Rd1 Rf7 53. Rf1 Kd5 54. Kg3 Ke4 55. f4 Re2 56. f5 Rxe3+ 57. Kh4 Ke5 58. Rh1 Kf6 59. Kh5 Ra7 60. h4 Kg7 61. g5 Ra4 62. f6+ Kf7 63. Kh6 Rg3 64. Kh5 Rgg4 65. Rh2 h6 66. Rh1 hxg5 67. hxg5 Rg2 68. Kh6 Ra8 0-1

[Event "25th Abu Dhabi Master 2018"]
[Site "Abu Dhabi"]
[Date "2018.08.09"]
[Round "3"]
[White "Krishna Teja, N."]
[Black "Sharma, Dushyant"]
[Result "1/2-1/2"]
[WhiteElo "2389"]
[BlackElo "2221"]
[Annotator "NA"]
[PlyCount "114"]
[EventDate "2018.08.05"]
[EventType "swiss"]
[EventCountry "UAE"]
[SourceTitle "playchess.com"]
[Source "ChessBase"]
[SourceQuality "1"]

1. d4 Nf6 2. c4 e6 3. Nf3 d5 4. g3 dxc4 5. Bg2 Nc6 6. Qa4 Bb4+ 7. Bd2 Nd5 8. Bxb4 Ndxb4 9. O-O Rb8 10. Nc3 O-O 11. a3 Nd5 12. Qxc4 Nb6 13. Qd3 Qe7 14. Qe4 Rd8 15. Rfd1 Bd7 16. b4 a6 17. Qf4 Be8 18. Rac1 f6 19. Ne4 Na4 20. g4 Rd5 21. g5 fxg5 22. Nexg5 h6 23. Nh3 Rbd8 24. e3 Bh5 25. Re1 a5 26. e4 Rb5 27. d5 e5 28. Qe3 Bxf3 29. Qxf3 Nd4 30. Qd1 Nb6 31. Bf1 Qh4 32. Re3 axb4 33. Bxb5 Nxb5 34. axb4 c6 35. Qf1 Nd4 36. dxc6 bxc6 37. Qg2 Qh5 38. Kh1 Rd7 39. Ng1 Rf7 40. Rh3 Qg5 41. Qxg5 hxg5 42. f3 Rb7 43. Rg3 Nd7 44. Rxg5 Rxb4 45. Rg2 c5 46. Rf2 c4 47. Ra2 Nb6 48. Ra7 c3 49. Rxc3 Nb5 50. Rcc7 Nxa7 51. Rxa7 Nc4 52. Kg2 Rb2+ 53. Kh3 Ne3 54. Ra1 Kh7 55. Kg3 Rg2+ 56. Kh3 Rb2 57. Kg3 Rg2+ 1/2-1/2

[Event "25th Abu Dhabi Master 2018"]
[Site "Abu Dhabi"]
[Date "2018.08.09"]
[Round "3"]
[White "Raetsky, Alexander"]
[Black "Jojua, Davit"]
[Result "0-1"]
[WhiteElo "2380"]
[BlackElo "2583"]
[Annotator "TA"]
[PlyCount "98"]
[EventDate "2018.08.05"]
[EventType "swiss"]
[EventCountry "UAE"]
[SourceTitle "playchess.com"]
[Source "ChessBase"]
[SourceQuality "1"]

1. d4 g6 2. e4 Bg7 3. Nc3 d6 4. Nf3 Nf6 5. Be2 c6 6. O-O Qc7 7. h3 e5 8. a4 O-O 9. Re1 Nbd7 10. Bf1 Re8 11. Be3 exd4 12. Bxd4 b6 13. Nd2 Bb7 14. Nc4 Rad8 15. f3 Nc5 16. Rb1 d5 17. exd5 Rxe1 18. Qxe1 Ng4 19. fxg4 Bxd4+ 20. Kh1 cxd5 21. Nb5 Qf4 22. Nxd4 Qxd4 23. Rd1 Qf6 24. Qe5 Qc6 25. Ne3 Re8 26. Qd4 Re4 27. Qc3 Qe6 28. Nc4 Nxa4 29. Qa3 Bc6 30. Nd2 Re3 31. Qb4 Qf6 32. c3 a5 33. Qd4 Qxd4 34. cxd4 Nxb2 35. Rb1 Na4 36. Nf3 f6 37. Kg1 g5 38. Kf2 Ra3 39. h4 h6 40. Ba6 b5 41. Re1 Kf7 42. hxg5 hxg5 43. Rh1 Nc3 44. Rh7+ Ke6 45. Bc8+ Kd6 46. Bf5 Ne4+ 47. Ke1 b4 48. Nd2 Ra1+ 49. Ke2 Bb5+ 0-1

[Event "25th Abu Dhabi Master 2018"]
[Site "Abu Dhabi"]
[Date "2018.08.09"]
[Round "3"]
[White "Kathmale, Sameer"]
[Black "Rakshitta, Ravi"]
[Result "1-0"]
[WhiteElo "2367"]
[BlackElo "2198"]
[Annotator "NA"]
[PlyCount "86"]
[EventDate "2018.08.05"]
[EventType "swiss"]
[EventCountry "UAE"]
[SourceTitle "playchess.com"]
[Source "ChessBase"]
[SourceQuality "1"]

1. e4 e5 2. Nf3 Nc6 3. Bb5 a6 4. Ba4 Nf6 5. O-O Be7 6. d3 b5 7. Bb3 O-O 8. Re1 d6 9. c3 Na5 10. Bc2 c5 11. Nbd2 Nc6 12. Nf1 Re8 13. h3 Bf8 14. Bg5 h6 15. Bh4 g6 16. a4 b4 17. a5 g5 18. Ba4 Bd7 19. Bg3 bxc3 20. bxc3 Bg7 21. Ne3 Rb8 22. Nd2 Nxa5 23. Bxd7 Nxd7 24. Qa4 Rb5 25. Nd5 Nf6 26. Nxf6+ Bxf6 27. c4 Rb2 28. Nf1 Nb7 29. Reb1 Rb4 30. Qxa6 Qb8 31. Ne3 Nd8 32. Rxb4 cxb4 33. Nd5 Bg7 34. Rb1 Ne6 35. Rxb4 Qa8 36. Rb6 Qxa6 37. Rxa6 Rd8 38. Ne7+ Kh7 39. Nf5 Bf8 40. Kf1 Nc5 41. Ra3 Rb8 42. Ke2 Rb2+ 43. Ke3 d5 1-0

[Event "25th Abu Dhabi Master 2018"]
[Site "Abu Dhabi"]
[Date "2018.08.09"]
[Round "3"]
[White "Wagh, Suyog"]
[Black "Polakhare, Aryan"]
[Result "1-0"]
[WhiteElo "2356"]
[BlackElo "1957"]
[Annotator "NA"]
[PlyCount "109"]
[EventDate "2018.08.05"]
[EventType "swiss"]
[EventCountry "UAE"]
[SourceTitle "playchess.com"]
[Source "ChessBase"]
[SourceQuality "1"]

1. Nf3 Nf6 2. c4 e6 3. g3 d5 4. Bg2 dxc4 5. Qa4+ Bd7 6. Qxc4 Bc6 7. O-O Be7 8. Qc2 O-O 9. Nc3 b5 10. Re1 Nbd7 11. Nd4 Bxg2 12. Kxg2 a6 13. Nc6 Qe8 14. Ne4 Nxe4 15. Qxe4 Bd6 16. d4 e5 17. dxe5 Nxe5 18. Nd4 Ng6 19. Qc2 c5 20. Nf5 Qc6+ 21. f3 Be5 22. e4 Rfe8 23. Be3 Rac8 24. Rad1 h6 25. Rd5 c4 26. Red1 Bc7 27. Qc3 Be5 28. Qc2 Bc7 29. Qc3 Be5 30. Bd4 Qf6 31. Nd6 Bxd4 32. Qxd4 Ne5 33. Rxe5 Qxe5 34. Qxe5 Rxe5 35. Nxc8 b4 36. Rc1 Rc5 37. Ne7+ Kf8 38. Nd5 a5 39. Ne3 c3 40. bxc3 bxc3 41. Nd1 Rb5 42. Rxc3 Rb1 43. Ne3 a4 44. a3 g6 45. Rc4 Rb3 46. Nc2 Rb2 47. Kf2 h5 48. h4 Ke7 49. Ke3 Rb3+ 50. Kf4 Rb2 51. Ne3 f6 52. Rxa4 Rb5 53. Nd5+ Kf7 54. Ra7+ Ke6 55. Nc7+ 1-0

[Event "25th Abu Dhabi Master 2018"]
[Site "Abu Dhabi"]
[Date "2018.08.09"]
[Round "3"]
[White "Rapport, Jovana"]
[Black "Abdusattorov, Nodirbek"]
[Result "0-1"]
[WhiteElo "2354"]
[BlackElo "2539"]
[Annotator "ChessBase"]
[PlyCount "98"]
[EventDate "2018.08.05"]
[EventType "swiss"]
[EventCountry "UAE"]
[SourceTitle "playchess.com"]
[Source "ChessBase"]
[SourceQuality "1"]

1. c4 b6 2. Nf3 Bb7 3. g3 Nf6 4. Bg2 g6 5. O-O Bg7 6. d4 O-O 7. Qc2 c5 8. d5 b5 9. cxb5 d6 10. e4 a6 11. bxa6 Nxa6 12. Bd2 Qb6 13. Na3 Nb4 14. Bxb4 Qxb4 15. Nc4 Ba6 16. Nfd2 Ng4 17. a3 Qb7 18. Ra2 f5 19. h3 Ne5 20. exf5 Rxf5 21. b3 Rb8 22. Be4 Rff8 23. f4 Nd7 24. Re1 Nb6 25. Qd3 e6 26. Bg2 exd5 27. Qe2 Qa7 28. Qe6+ Kh8 29. Bxd5 Rf6 30. Qe4 Nxd5 31. Qxd5 Bb7 32. Qd3 d5 33. Ne5 c4+ 34. Qe3 d4 35. Qf2 c3 36. Ndf3 Bxf3 37. Nxf3 Rd6 38. Ne5 Bxe5 39. fxe5 Re6 40. Rc2 Qc5 41. b4 Qc4 42. Re4 Rd8 43. Qf7 Qd5 44. Rf2 Qd7 45. Qf3 d3 46. Rc4 d2 47. Qd1 Rxe5 48. Kh2 Re1 49. Qf3 d1=Q 0-1

[Event "25th Abu Dhabi Master 2018"]
[Site "Abu Dhabi"]
[Date "2018.08.09"]
[Round "3"]
[White "Tokhirjonova, Gulrukhbegim"]
[Black "Ivana Maria, Furtado"]
[Result "1/2-1/2"]
[WhiteElo "2350"]
[BlackElo "2146"]
[Annotator "NA"]
[PlyCount "46"]
[EventDate "2018.08.05"]
[EventType "swiss"]
[EventCountry "UAE"]
[SourceTitle "playchess.com"]
[Source "ChessBase"]
[SourceQuality "1"]

1. e4 c6 2. d4 d5 3. e5 Bf5 4. h4 h6 5. g4 Bd7 6. Bd3 c5 7. dxc5 e6 8. Be3 Qc7 9. Nf3 Bxc5 10. Qe2 Ne7 11. Nc3 a6 12. O-O-O Bxe3+ 13. Qxe3 Nbc6 14. Ne2 Nb4 15. Kb1 O-O-O 16. Nfd4 Nec6 17. f4 Kb8 18. a3 Nxd3 19. cxd3 Nxd4 20. Nxd4 Qb6 21. h5 Rc8 22. g5 Ba4 23. Rdg1 Rc2 1/2-1/2